Red right hand 2024 / directed by Eshom Nelms, Ian Nelms ; written by Jonathan Easley. (Record no. 20985)

000 -LEADER
fixed length control field 01060nam a22001937a 4500
008 - FIXED-LENGTH DATA ELEMENTS--GENERAL INFORMATION
fixed length control field 250529b xxu||||| |||| 00| 0 eng d
082 ## - DEWEY DECIMAL CLASSIFICATION NUMBER
Classification number 791.4372
Item number R3126
245 ## - TITLE STATEMENT
Title Red right hand 2024 / directed by Eshom Nelms, Ian Nelms ; written by Jonathan Easley.
260 ## - PUBLICATION, DISTRIBUTION, ETC. (IMPRINT)
Place of publication, distribution, etc United States ;
Name of publisher, distributor, etc Redbox Entertainment,
Date of publication, distribution, etc 2024.
300 ## - PHYSICAL DESCRIPTION
Extent 1 videofile (ca. 111 mins) :
Other physical details sound, color.
500 ## - GENERAL NOTE
General note Cash is trying to live an honest and quiet life taking care of his recently orphaned niece Savannah in the an Appalachian town in Odim County. When the sadistic kingpin Big Cat, who runs the town, forces him back into her services, Cash learns he is capable of anything—even killing—to protect the town and the only family he has left.

As the journey gets harder, Cash is drawn into a nightmare that blurs the lines between good and evil.
546 ## - LANGUAGE NOTE
Language note In English subtitle.
650 ## - SUBJECT ADDED ENTRY--TOPICAL TERM
Topical term or geographic name as entry element Action.
650 ## - SUBJECT ADDED ENTRY--TOPICAL TERM
Topical term or geographic name as entry element Thriller.
700 ## - ADDED ENTRY--PERSONAL NAME
Personal name Bloom, Orlando, star.
700 ## - ADDED ENTRY--PERSONAL NAME
Personal name Dillahunt, Garret, star.
700 ## - ADDED ENTRY--PERSONAL NAME
Personal name MacDowell, Andie, star.
942 ## - ADDED ENTRY ELEMENTS (KOHA)
Source of classification or shelving scheme
Item type Audio-Visual Materials
Holdings
Source of acquisition Price effective from Permanent location Date last seen Not for loan Date acquired Source of classification or shelving scheme Koha item type Collection code Shelving location Damaged status Lost status Withdrawn status Current location Full call number
Donation2025-05-29Cagayan State University - Carig Library2025-05-29 2025-05-29 Audio-Visual MaterialsElectronic Media CenterElectronic Media Center   Cagayan State University - Carig Library791.4372 R3126

Cagayan State University University Library, Carig Campus
Tuguegarao City, Cagayan 3500 | www.csucarig.edu.ph

Powered by Koha